000 00575nam a2200217Ia 4500
008 160216s9999 xx 000 0 und d
020 _a978-0-07-110634-4
050 _aMAIN HB 171
050 _b.B78 2007
100 _aBrue, Stanley L.
245 _aEssentials of economics /
245 _cStanley L. Brue, Campbell R. McConnell.
260 _aNew York :
260 _bMcGraw-Hill.
260 _c2007
300 _a477 pages :
300 _bcol. ill. ;
300 _c26 cm.
500 _aIncludes bibliographical references and index.
650 _aEconomics.
999 _c290855
_d290855